000 00800nam a22002297a 4500
999 _c180
_d180
003 AR-CdUCM
008 190222b ||||| |||| 00| 0 spa d
040 _aMUNICIPALIDAD PROVINCIAL DEL CUSCO
_cBIBLIOTECA MUNICIPAL DEL CUSCO
041 _heng.
082 _a338.092 /
_bC36.
100 _aCekota, Anthony
_9824
245 _aUn empresario Extraordinario /
260 _aItalia :
_bEdit. Internazionali sociali,
_c1968.
300 _a372 , xi paginas.
_c24 cm.
505 _aEl hijo de la novena generación --El padre y el hijo --El destino de los primero sueños --Marie Bata --Los soplos de la primera guerra mundial ...
650 _aNegocios.
_9825
650 _aEmpresa
_9826
650 _aFilosofos.
_9827
650 _aIdeales.
_9828
942 _2ddc
_cLIBROS
945 _arjall
_d2019-02-22